[Event "Washington Open--Open Section"]
[Site "Lynnwood, WA"]
[Date "2017.05.28"]
[Round "3"]
[White "Gatica  (OR), Jose"]
[Black "Breckenridge  (OR), Steven"]
[Result "0-1"]
[WhiteElo "2109"]
[BlackElo "2337"]
[PlyCount "58"]
[EventDate "2017.06.02"]
[SourceDate "2017.06.22"]
[SourceVersionDate "2017.06.22"]

1. Nf3 Nf6 2. c4 g6 3. g3 Bg7 4. Bg2 O-O 5. O-O d6 6. Nc3 Nc6 7. Rb1 Rb8 8. b4
Bg4 9. d3 Ne8 10. Bd2 Qd7 11. Re1 Nd4 12. Nxd4 Bxd4 13. Nb5 Bb6 14. Be3 Bxe3
15. fxe3 Ng7 16. Qd2 h5 17. Nd4 h4 18. Nf3 hxg3 19. hxg3 f6 20. e4 Kf7 21. Nh4
Rh8 22. e3 Rh5 23. Qf2 Rbh8 24. Rf1 Rg5 25. Nf3 Bxf3 26. Qxf3 Nh5 27. e5 dxe5
28. g4 Rxg4 29. Kf2 Nf4 0-1

[Event "Washington Open--Reserve Section"]
[Site "Lynnwood, WA"]
[Date "2017.05.28"]
[Round "3"]
[White "Johnson  (WA), Cleve"]
[Black "Shubin  (WA), Daniel"]
[Result "0-1"]
[WhiteElo "1537"]
[BlackElo "1770"]
[PlyCount "76"]
[EventDate "2017.06.02"]
[SourceDate "2017.06.22"]
[SourceVersionDate "2017.06.22"]

1. e4 e6 2. d4 d5 3. e5 c5 4. c3 Nc6 5. Nf3 Qb6 6. Be2 cxd4 7. cxd4 f6 8. O-O
fxe5 9. dxe5 Bc5 10. Qc2 Nge7 11. Nbd2 O-O 12. Nb3 Bd4 13. Nbxd4 Nxd4 14. Qd2
Nxf3+ 15. Bxf3 Ng6 16. Re1 Rf5 17. Bg4 Rxe5 18. b3 Rxe1+ 19. Qxe1 e5 20. Bxc8
Rxc8 21. Bb2 e4 22. Rc1 Rc6 23. Rxc6 Qxc6 24. Qc3 Qxc3 25. Bxc3 Nf4 26. Kf1 Ne6
27. f3 d4 28. Bxd4 Nxd4 29. fxe4 Kf7 30. Kf2 Ke6 31. Ke3 Ke5 32. g3 Ne6 33. h3
Ng5 34. h4 Nxe4 35. g4 h6 36. h5 b5 37. b4 Nc3 38. a3 Nb1 0-1

[Event "Washington Open--Reserve Section"]
[Site "Lynnwood, WA"]
[Date "2017.05.28"]
[Round "3"]
[White "Merrikin  (WA), David"]
[Black "Cicio  (WA), Daniel"]
[Result "1-0"]
[WhiteElo "1468"]
[BlackElo "1271"]
[PlyCount "65"]
[EventDate "2017.06.02"]
[SourceDate "2017.06.22"]
[SourceVersionDate "2017.06.22"]

1. c4 Nf6 2. Nc3 c6 3. g3 d5 4. cxd5 cxd5 5. Bg2 e5 6. d4 e4 7. Bg5 Be6 8. e3
Be7 9. Bxf6 Bxf6 10. Nge2 Nc6 11. Nf4 g5 12. Nxe6 fxe6 13. Qh5+ Ke7 14. O-O Qe8
15. Qe2 Nb4 16. f3 exf3 17. Rxf3 a6 18. Raf1 Bg7 19. a3 Nc6 20. Na4 Nxd4 21.
Rf7+ Kd6 22. exd4 Bxd4+ 23. Kh1 Qxa4 24. Bh3 Be5 25. b4 Qxa3 26. Bxe6 Qxb4 27.
Bxd5 Kxd5 28. Rd1+ Kc5 29. Qxe5+ Kb6 30. Qe3+ Kc6 31. Qe6+ Kc5 32. Qd5+ Kb6 33.
Rxb7# 1-0

[Event "Washington Open--Open Section"]
[Site "Lynnwood, WA"]
[Date "2017.05.28"]
[Round "3"]
[White "Sang  (WA), Tian"]
[Black "Dixon  (WA), Dakota"]
[Result "1-0"]
[WhiteElo "2363"]
[BlackElo "2176"]
[PlyCount "66"]
[EventDate "2017.06.02"]
[SourceDate "2017.06.22"]
[SourceVersionDate "2017.06.22"]

1. e4 c5 2. Nf3 Nc6 3. d4 cxd4 4. Nxd4 Nf6 5. Nc3 d6 6. f3 e5 7. Nb3 Be7 8. Be3
Be6 9. Nd5 Bxd5 10. exd5 Nb4 11. c4 a5 12. Qd2 b6 13. Be2 O-O 14. O-O Na6 15.
Nc1 Nd7 16. Rb1 h6 17. g3 f5 18. b3 Bg5 19. f4 exf4 20. gxf4 Bh4 21. a3 Nac5
22. Bf3 Qe7 23. Ne2 Rae8 24. Bd4 Bf6 25. Bf2 Ne4 26. Bxe4 fxe4 27. Be3 g5 28.
Kh1 Kh7 29. b4 axb4 30. axb4 gxf4 31. Nxf4 Ne5 32. Qg2 Bg5 33. Qxe4+ Ng6 1-0

[Event "Washington Open--Open Section"]
[Site "Lynnwood, WA"]
[Date "2017.05.28"]
[Round "3"]
[White "Casey  (WA), Garrett"]
[Black "Arganian  (WA), David"]
[Result "1/2-1/2"]
[WhiteElo "2012"]
[BlackElo "1856"]
[PlyCount "62"]
[EventDate "2017.06.02"]
[SourceDate "2017.06.22"]
[SourceVersionDate "2017.06.22"]

1. e4 c5 2. Nc3 Nc6 3. f4 a6 4. Nf3 g6 5. a4 Bg7 6. Bc4 e6 7. O-O Nge7 8. Ba2
O-O 9. d3 d5 10. exd5 exd5 11. Re1 Bg4 12. h3 Bxf3 13. Qxf3 Nd4 14. Qd1 b5 15.
Ne2 Nef5 16. c3 Nc6 17. Qb3 c4 18. Qd1 Qb6+ 19. d4 Rfe8 20. Bb1 Nd6 21. axb5
axb5 22. Rxa8 Rxa8 23. Ng3 f5 24. Qf3 Ne4 25. Bxe4 fxe4 26. Qg4 Nxd4 27. Be3
Qa5 28. Qd1 Nf5 29. Qxd5+ Kh8 30. Nxf5 gxf5 31. Bd4 Rd8 1/2-1/2

[Event "Washington Open--Reserve Section"]
[Site "Lynnwood, WA"]
[Date "2017.05.28"]
[Round "3"]
[White "Cross  (WA), Jason"]
[Black "Greenawalt  (WA), Larry"]
[Result "1-0"]
[WhiteElo "1658"]
[BlackElo "1416"]
[PlyCount "61"]
[EventDate "2017.06.02"]
[SourceDate "2017.06.22"]
[SourceVersionDate "2017.06.22"]

1. c4 e5 2. g3 Nf6 3. Bg2 d6 4. Nc3 Be7 5. Nf3 O-O 6. O-O Nc6 7. a3 a5 8. d4
exd4 9. Nxd4 Bd7 10. Nd5 Nxd5 11. cxd5 Nxd4 12. Qxd4 Bf6 13. Qd3 g6 14. Bh6 Bg7
15. Bxg7 Kxg7 16. Qc3+ f6 17. Rac1 c5 18. dxc6 bxc6 19. Bxc6 Rc8 20. Qf3 Bxc6
21. Rxc6 Qd7 22. Rfc1 Rxc6 23. Rxc6 d5 24. Qc3 d4 25. Qc4 Kh6 26. Qc1+ g5 27.
h4 Kh5 28. hxg5 fxg5 29. Kg2 Qf5 30. Qh1+ Kg4 31. Qh3# 1-0

[Event "Washington Open--Booster Two Day"]
[Site "Lynnwood, WA"]
[Date "2017.05.28"]
[Round "1"]
[White "Fobian  (WA), Christian"]
[Black "Hotani  (WA), Kabir"]
[Result "0-1"]
[WhiteElo "464"]
[BlackElo "962"]
[PlyCount "30"]
[EventDate "2017.06.02"]
[SourceDate "2017.06.22"]
[SourceVersionDate "2017.06.22"]

1. c4 c5 2. Nc3 Nc6 3. Nf3 Nf6 4. d4 d6 5. Bg5 Bg4 6. e3 e5 7. d5 Nb8 8. Bxf6
Qxf6 9. Ne4 Qf5 10. Nxd6+ Bxd6 11. Qa4+ Nd7 12. Be2 O-O 13. O-O Qh5 14. a3 e4
15. Nd2 Qxh2# 0-1

[Event "Washington Open--Reserve Two Day"]
[Site "Lynnwood, WA"]
[Date "2017.05.28"]
[Round "1"]
[White "Charleston  (WA), Scott"]
[Black "Elisara  (WA), Travis"]
[Result "1/2-1/2"]
[WhiteElo "1518"]
[BlackElo "1746"]
[Annotator "Murlin"]
[PlyCount "107"]
[EventDate "2017.06.02"]
[SourceDate "2017.06.22"]
[SourceVersionDate "2017.06.22"]

1. c4 c5 2. Nc3 g6 3. g3 Bg7 4. Bg2 Nc6 5. d3 Nf6 6. Nf3 O-O 7. O-O d5 8. Rb1
a6 9. a3 h6 10. Bd2 Be6 11. cxd5 Nxd5 12. Qc1 Kh7 13. Nxd5 Bxd5 14. Qxc5 Bxf3
15. Bxf3 Rc8 16. Qe3 Nd4 17. Bxb7 Rc2 18. Bxa6 Nf5 19. Qf4 Qb6 20. Bc4 e5 21.
Be3 Qb7 22. Qf3 e4 23. Qxe4 Qxe4 24. dxe4 Nxe3 25. fxe3 Rxc4 26. Rbc1 Rxc1 27.
Rxc1 Bxb2 28. Rc4 Bxa3 29. Kf2 Kg7 30. Rc6 Bb2 31. h3 f5 32. Rc7+ Kf6 33. exf5
Kxf5 34. Rc4 Be5 35. g4+ Kg5+ 36. Kg2 Rf6 37. Rc5 Re6 38. Kf3 Kh4 39. Kg2 Bg3
40. Rc4 Be1 41. e4 Kg5 42. Rc1 Bd2 43. Rd1 Be3 44. Rd3 Kf4 45. h4 Rxe4 46. g5
hxg5 47. hxg5 {At this point, Black is winning. One player quit recording, the
other decided legibility was optional. The next few moves are guesses. The
next move makes it a draw.} Kxg5 48. Kf3 Re5 49. Rxe3 Rxe3+ 50. Kxe3 Kg4 51.
Kf2 g5 52. Kg2 Kf4 53. Kf2 g4 54. e3+ 1/2-1/2

[Event "Washington Open--Booster Two Day"]
[Site "Lynnwood, WA"]
[Date "2017.05.28"]
[Round "1"]
[White "Nichols  (WA), Paul"]
[Black "Munsey  (WA), Michael"]
[Result "1-0"]
[WhiteElo "741"]
[BlackElo "1300"]
[Annotator "Murlin"]
[PlyCount "57"]
[EventDate "2017.06.02"]
[SourceDate "2017.06.24"]
[SourceVersionDate "2017.06.24"]

1. e4 d6 2. Nc3 g6 3. g3 Bg7 4. Bg2 Nf6 5. Nf3 Nc6 6. O-O Bg4 7. h3 Bc8 8. d3
O-O 9. Rb1 Nd7 10. Be3 Nde5 11. Qe2 e6 12. d4 Nxf3+ 13. Qxf3 Bxd4 14. Bxd4 Nxd4
15. Qd3 e5 16. Qd2 Bxh3 17. Ne2 Bxg2 18. Kxg2 Nxe2 19. Qxe2 f5 20. Rh1 Qf6 21.
f3 Rf7 22. Rbf1 f4 23. g4 Qe6 24. b3 d5 25. Rd1 c6 26. c4 dxc4 27. bxc4 Rd7 28.
Rxd7 Qxd7 29. Qb2 {Looks as though a few moves are missing here. It seems that
White will move the queen to b3, then move the c-pawn for a discovered check,
possibly winning the queen? Just not sure of the moves to get there.} 1-0

[Event "Washington Open--Open Two Day"]
[Site "Lynnwood, WA"]
[Date "2017.05.28"]
[Round "1"]
[White "Colasurdo  (WA), James"]
[Black "Pogrebinsky  (WA), Daniel"]
[Result "1-0"]
[WhiteElo "2023"]
[BlackElo "1781"]
[Annotator "Murlin"]
[PlyCount "81"]
[EventDate "2017.06.02"]
[SourceDate "2017.06.24"]
[SourceVersionDate "2017.06.24"]

1. d4 Nf6 2. c4 c5 3. d5 e6 4. Nc3 exd5 5. cxd5 d6 6. Nf3 g6 7. g3 Bg7 8. Bg2
O-O 9. O-O Bg4 10. Nd2 Qd7 11. Re1 Na6 12. Qb3 Rab8 13. Nb5 Nb4 14. Nc4 Qxb5
15. a3 Qa6 16. axb4 Qxa1 17. Bd2 Qa6 (17... Qxe1+) 18. b5 Qb6 19. Nxb6 axb6 20.
h3 Bd7 21. Bf4 Ne8 22. e4 Be5 23. Bxe5 dxe5 24. Qc3 f6 25. f4 Nd6 26. fxe5 Nxb5
27. Qc4 fxe5 28. d6+ Kg7 29. Qd5 Nd4 30. Qxe5+ Kg8 31. Kh1 Rf7 32. Qg5 Rbf8 33.
Qc1 Bc6 34. Qc4 Kh8 35. b4 Bb5 36. Qc3 Rc8 37. bxc5 bxc5 38. e5 Bc6 39. Bxc6
bxc6 40. e6 Rf2 41. Qxc5 1-0

[Event "Washington Open--Open Two Day"]
[Site "Lynnwood, WA"]
[Date "2017.05.28"]
[Round "1"]
[White "Campbell  (WA), Tim"]
[Black "Airapetian  (WA), Chouchanik"]
[Result "0-1"]
[WhiteElo "1780"]
[BlackElo "2025"]
[Annotator "Murlin"]
[PlyCount "64"]
[EventDate "2017.06.02"]
[SourceDate "2017.06.24"]
[SourceVersionDate "2017.06.24"]

1. e4 e5 2. Nf3 Nc6 3. d4 exd4 4. Nxd4 Nf6 5. Nc3 Bb4 6. Nxc6 bxc6 7. Bd2 O-O
8. Bd3 d5 9. O-O Bg4 10. Qc1 Bxc3 11. Bxc3 Nxe4 12. Bxe4 dxe4 13. Qf4 f5 14. h3
Bh5 15. g4 Bg6 16. Rad1 Qe7 17. Rfe1 Rae8 18. f3 fxg4 19. Qxg4 Qc5+ 20. Kh1
exf3 21. Bb4 Rxe1+ 22. Rxe1 f2 23. Qe6+ Bf7 24. Bxc5 Bxe6 25. Rf1 Rf5 26. Bxa7
Rf3 27. Rxf2 Rxh3+ 28. Kg2 Rh4 29. a3 g6 30. Bb8 Rc4 31. Bxc7 h5 32. c3 Bf5 {
Either there were more unrecorded moves due to time pressure, or the flag fell
here. Notations show Black reached 1 minute (in G/60) at move 25 and White was
at two minutes at move 27.} 0-1

[Event "Washington Open--Reserve Two Day"]
[Site "Lynnwood, WA"]
[Date "2017.05.28"]
[Round "1"]
[White "HIginbotham  (WA), Hugh"]
[Black "Buchignani  (WA), Paul"]
[Result "1-0"]
[WhiteElo "1514"]
[BlackElo "1473"]
[PlyCount "95"]
[EventDate "2017.06.02"]
[SourceDate "2017.06.24"]
[SourceVersionDate "2017.06.24"]

1. d4 Nf6 2. c4 e6 3. Nc3 Bb4 4. Qc2 d5 5. cxd5 Nxd5 6. e4 Nxc3 7. bxc3 Ba5 8.
Bc4 a6 9. a4 O-O 10. Nf3 Nc6 11. O-O Re8 12. e5 h6 13. Bd2 Ne7 14. Qc1 Nf5 15.
Bd3 Qe7 16. Re1 Bb6 17. a5 Ba7 18. Bxf5 exf5 19. d5 Qf8 20. c4 Bc5 21. Bc3 Bb4
22. Rb1 Bxc3 23. Qxc3 Rb8 24. c5 Bd7 25. Nd4 Qe7 26. d6 cxd6 27. exd6 Qf6 28.
Qc4 Rxe1+ 29. Rxe1 Kf8 30. h3 Qg6 31. Re7 Rd8 32. Qd5 Bc8 33. Nf3 f6 34. Nd4 f4
35. Ne6+ Bxe6 36. Qxe6 f3 37. g3 Re8 38. Rxe8+ Qxe8 39. Qxe8+ Kxe8 40. Kf1 Kd7
41. Ke1 g5 42. Kd2 f5 43. Ke3 h5 44. Kxf3 Ke6 45. g4 hxg4+ 46. hxg4 f4 47. Ke4
Kf6 48. Kd5 1-0

[Event "Washington Open--Booster Two Day"]
[Site "Lynnwood, WA"]
[Date "2017.05.28"]
[Round "1"]
[White "Puri  (WA), Rishay"]
[Black "Karis  (WA), Dirk"]
[Result "0-1"]
[WhiteElo "684"]
[BlackElo "981"]
[PlyCount "78"]
[EventDate "2017.06.02"]
[SourceDate "2017.06.24"]
[SourceVersionDate "2017.06.24"]

1. e4 e5 2. Nf3 Nc6 3. Nc3 Nf6 4. Bb5 Bb4 5. d3 d6 6. O-O O-O 7. h3 a6 8. Ba4
b5 9. Bb3 Nd4 10. Bg5 Nxb3 11. axb3 Bb7 12. Nh2 h6 13. Bh4 d5 14. exd5 Be7 15.
Ng4 Nxd5 16. Bxe7 Qxe7 17. Re1 Nxc3 18. bxc3 f6 19. d4 e4 20. Qe2 Qd6 21. Rad1
c5 22. dxc5 Qxc5 23. Qd2 Rad8 24. Qe3 Rxd1 25. Rxd1 Rc8 26. Rd8+ Kh7 27. Nxf6+
Kg6 28. Nd7 Qxe3 29. Ne5+ Kh7 30. fxe3 Rxd8 31. Nf7 Rd2 32. c4 b4 33. Kf1 Rxc2
34. Nd6 Bc6 35. Ke1 Rb2 36. Nf5 Rxb3 37. Nd4 Rxe3+ 38. Kd2 Rd3+ 39. Ke2 Rxd4
0-1

[Event "Washington Open--Booster Two Day"]
[Site "Lynnwood, WA"]
[Date "2017.05.28"]
[Round "1"]
[White "Lebedinsky  (WA), Andrew"]
[Black "Frasca  (WA), James"]
[Result "1-0"]
[WhiteElo "1230"]
[BlackElo "803"]
[PlyCount "99"]
[EventDate "2017.06.02"]
[SourceDate "2017.06.24"]
[SourceVersionDate "2017.06.24"]

1. e4 e5 2. Nf3 Nc6 3. Bb5 Nf6 4. d3 a6 5. Bxc6 dxc6 6. Nxe5 Bc5 7. Nf3 Be6 8.
Nc3 Qd6 9. e5 Bxf2+ 10. Kxf2 Qc5+ 11. d4 Ng4+ 12. Ke1 Qe7 13. h3 Nh6 14. Bg5
Qb4 15. Qc1 Nf5 16. a3 Qf8 17. Ne2 h6 18. Bd2 Qe7 19. Bb4 Qd7 20. g4 Qd5 21.
gxf5 Qxf3 22. Rf1 Qxh3 23. fxe6 Qxe6 24. Qf4 a5 25. Bc3 b6 26. Ng3 O-O-O 27.
Qxf7 Qxf7 28. Rxf7 h5 29. Rxg7 h4 30. Nh1 h3 31. Ke2 Rdf8 32. Rf1 h2 33. Rxf8+
Rxf8 34. Rh7 Rf5 35. Rxh2 Rg5 36. Kf3 Rf5+ 37. Ke4 Rg5 38. e6 Rg7 39. Rh8+ Kb7
40. d5 Re7 41. Bf6 cxd5+ 42. Kxd5 c6+ 43. Kd6 Rc7 44. e7 Rc8 45. Rxc8 Kxc8 46.
e8=Q+ Kb7 47. Qxc6+ Kb8 48. Qxb6+ Ka8 49. Kc6 a4 50. Qb7# 1-0

[Event "Washington Open--Open Two Day"]
[Site "Lynnwood, WA"]
[Date "2017.05.28"]
[Round "2"]
[White "Orlov  (WA), Georgi"]
[Black "Colasurdo  (WA), James"]
[Result "1-0"]
[WhiteElo "2528"]
[BlackElo "2023"]
[PlyCount "65"]
[EventDate "2017.06.02"]
[SourceDate "2017.06.24"]
[SourceVersionDate "2017.06.24"]

1. c4 Nf6 2. Nf3 e6 3. g3 b6 4. Bg2 Bb7 5. O-O c5 6. Nc3 d6 7. Re1 Be7 8. e4
Nbd7 9. d4 cxd4 10. Nxd4 a6 11. e5 dxe5 12. Bxb7 exd4 13. Bxa8 dxc3 14. Bc6 Qc7
15. Qa4 O-O 16. Bf4 Qc8 17. Bxd7 Nxd7 18. bxc3 Nc5 19. Qc2 Qc6 20. Rab1 Rc8 21.
Be3 Na4 22. Red1 Bf6 23. Bd4 e5 24. Rb4 exd4 25. Qxa4 a5 26. Qxc6 Rxc6 27. Rb5
dxc3 28. c5 Rxc5 29. Rxc5 bxc5 30. Kf1 g5 31. Ke2 c4 32. Rd5 a4 33. Rc5 1-0

[Event "Washington Open--Reserve Two Day"]
[Site "Lynnwood, WA"]
[Date "2017.05.28"]
[Round "2"]
[White "Hendricks  (WA), David"]
[Black "Oliver  (WA), George"]
[Result "1-0"]
[WhiteElo "1705"]
[BlackElo "1536"]
[PlyCount "55"]
[EventDate "2017.06.02"]
[SourceDate "2017.06.24"]
[SourceVersionDate "2017.06.24"]

1. d4 Nf6 2. c4 c5 3. d5 e6 4. Nc3 exd5 5. cxd5 d6 6. e4 g6 7. Bg5 Bg7 8. Nf3
O-O 9. Be2 Re8 10. Qc2 a6 11. a4 Qc7 12. O-O Nbd7 13. Nd2 c4 14. Nxc4 Nc5 15.
f3 Rb8 16. b4 Ncd7 17. Bf4 Bf8 18. Rfc1 Nh5 19. Be3 Qd8 20. g4 Ng7 21. a5 Ne5
22. Na4 Qh4 23. Qd2 Nxg4 24. fxg4 Rxe4 25. Bg5 Qxg5 26. Qxg5 Rxe2 27. Nxd6 Be7
28. Qf4 1-0

[Event "Washington Open--Booster Two Day"]
[Site "Lynnwood, WA"]
[Date "2017.05.28"]
[Round "2"]
[White "Burgess  (WA), Ryan"]
[Black "Chen  (WA), Aiden"]
[Result "1/2-1/2"]
[WhiteElo "893"]
[BlackElo "988"]
[PlyCount "38"]
[EventDate "2017.06.02"]
[SourceDate "2017.06.24"]
[SourceVersionDate "2017.06.24"]

1. e4 e5 2. Nf3 Nc6 3. d4 exd4 4. Nxd4 Bc5 5. Be3 Bb6 6. Nxc6 bxc6 7. Bxb6 axb6
8. Bd3 Ne7 9. Nd2 O-O 10. Nf3 f6 11. e5 d5 12. exf6 Rxf6 13. O-O Bf5 14. Bxf5
Nxf5 15. a3 c5 16. Re1 Qd7 17. Ne5 Qd6 18. Nf3 Qd7 19. Ne5 Qd6 1/2-1/2

[Event "Washington Open--Booster Two Day"]
[Site "Lynnwood, WA"]
[Date "2017.05.28"]
[Round "2"]
[White "Vijan  (WA), Dylan"]
[Black "Lebedinsky  (WA), Andrew"]
[Result "0-1"]
[WhiteElo "935"]
[BlackElo "1230"]
[Annotator "Murlin"]
[PlyCount "50"]
[EventDate "2017.06.02"]
[SourceDate "2017.06.24"]
[SourceVersionDate "2017.06.24"]

1. e4 e5 2. Nf3 Nc6 3. Bb5 a6 4. Ba4 Nf6 5. O-O b5 6. Bb3 Bc5 7. Nxe5 Nxe5 8.
d4 Bxd4 9. Qxd4 d6 10. Bg5 Bb7 11. Bxf6 Qxf6 12. f4 $4 Nf3+ 13. gxf3 Qxd4+ 14.
Kh1 Qxb2 15. Re1 Qxa1 16. e5 Bxf3+ 17. Kg1 Qd4+ 18. Kf1 O-O 19. exd6 cxd6 20.
Bxf7+ Rxf7 21. Re8+ Rxe8 22. a4 Rxf4 23. Nd2 Bd5+ 24. Nf3 Bxf3 25. h4 Bd5# 0-1

[Event "Washington Open--Booster Two Day"]
[Site "Lynnwood, WA"]
[Date "2017.05.28"]
[Round "2"]
[White "Karis  (WA), Dirk"]
[Black "Borden  (WA), Drake"]
[Result "0-1"]
[WhiteElo "981"]
[BlackElo "1459"]
[PlyCount "45"]
[EventDate "2017.06.02"]
[SourceDate "2017.06.25"]
[SourceVersionDate "2017.06.25"]

1. e4 e5 2. Nf3 Nc6 3. Bb5 d6 4. O-O Nf6 5. Re1 a6 6. Bxc6+ bxc6 7. d4 exd4 8.
Nxd4 c5 9. Nf3 Be7 10. e5 dxe5 11. Qxd8+ Bxd8 12. Rxe5+ Be7 13. Bg5 Be6 14. Nc3
Nd7 15. Nd5 Bd6 16. Nxc7+ Bxc7 17. Ree1 O-O 18. b3 a5 19. Re4 h6 20. Be3 Rac8
21. c4 Rfe8 22. Rh4 Nf6 23. Ne5 0-1

[Event "Washington Open--Booster Two Day"]
[Site "Lynnwood, WA"]
[Date "2017.05.28"]
[Round "2"]
[White "Karis-Sconyers  (WA), Eleanor"]
[Black "Nichols  (WA), Paul"]
[Result "0-1"]
[WhiteElo "1088"]
[BlackElo "741"]
[PlyCount "62"]
[EventDate "2017.06.02"]
[SourceDate "2017.06.25"]
[SourceVersionDate "2017.06.25"]

1. e4 e5 2. Nf3 Nc6 3. Bb5 Qf6 4. Nc3 a6 5. Bxc6 dxc6 6. d3 Bd6 7. Bg5 Qg6 8.
h3 h6 9. Be3 Nf6 10. g4 Be6 11. d4 exd4 12. Bxd4 Nxe4 13. Qe2 Nxc3 14. Bxc3
O-O-O 15. O-O-O Bxa2 16. Rd4 Rhe8 17. Qd2 Re4 18. Rd1 Bd5 19. Ne1 Bf4 20. Qxf4
Rxf4 21. Rxf4 Qg5 22. Bd2 f6 23. Rd4 Qe5 24. Rd3 Re8 25. Re3 Be4 26. f3 Qc5 27.
fxe4 b5 28. Nd3 Qc4 29. Rde1 Rd8 30. Nf4 Qa2 31. Rc3 Qa1# 0-1

[Event "Washington Open--Reserve Two Day"]
[Site "Lynnwood, WA"]
[Date "2017.05.28"]
[Round "2"]
[White "Wu  (WA), Ethan"]
[Black "Charleston  (WA), Scott"]
[Result "0-1"]
[WhiteElo "1540"]
[BlackElo "1518"]
[PlyCount "68"]
[EventDate "2017.06.02"]
[SourceDate "2017.06.25"]
[SourceVersionDate "2017.06.25"]

1. c4 c5 2. g3 g6 3. Bg2 Bg7 4. Nc3 Nc6 5. d3 e6 6. e4 Nge7 7. Nge2 O-O 8. O-O
a6 9. Be3 d6 10. d4 b6 11. f4 e5 12. dxc5 dxc5 13. Qxd8 Rxd8 14. Nd5 Nxd5 15.
cxd5 Nb4 16. Rac1 Nxa2 17. Rcd1 Bd7 18. fxe5 Bxe5 19. Bg5 Re8 20. Bf6 Bb5 21.
Rd2 Nb4 22. Bxe5 Rxe5 23. Rf6 Bxe2 24. Rxe2 Nxd5 25. exd5 Rxe2 26. Rxb6 Rc2 27.
d6 Rd8 28. b3 Rd2 29. Rxa6 R8xd6 30. Rxd6 Rxd6 31. Bf1 Rd2 32. Bc4 Kg7 33. Kh1
f6 34. Kg1 g5 0-1

[Event "Washington Open--Open Two Day"]
[Site "Lynnwood, WA"]
[Date "2017.05.28"]
[Round "2"]
[White "Munkh-Erdene  (WA), Munkhbileg"]
[Black "Campbell  (WA), Tim"]
[Result "0-1"]
[WhiteElo "1541"]
[BlackElo "1780"]
[Annotator "Murlin"]
[PlyCount "85"]
[EventDate "2017.06.02"]
[SourceDate "2017.06.25"]
[SourceVersionDate "2017.06.25"]

1. e4 c5 2. Nf3 Nc6 3. d4 cxd4 4. Nxd4 g6 5. Nxc6 bxc6 6. Nc3 Bg7 7. Be2 d6 8.
O-O Nf6 9. Be3 O-O 10. f3 d5 11. exd5 cxd5 12. Bd4 e6 13. Qd2 Re8 14. f4 Bd7
15. Rab1 Qa5 16. Qe3 Rec8 17. Rfe1 a6 18. a3 Rab8 19. Be5 Rb7 20. Qd3 Bb5 21.
Nxb5 axb5 22. c3 Ne4 23. Bxg7 Kxg7 24. Qd4+ Kg8 25. g3 Qa4 26. Qxa4 bxa4 27.
Ba6 Rcb8 28. Bxb7 Rxb7 29. Re2 Nxc3 30. Rbe1 Nxe2+ 31. Rxe2 Rb3 32. Rd2 Kf8 33.
Rd4 Rxb2 34. Rxa4 Ra2 35. h4 Ke7 36. Kf1 h5 37. Ra7+ Kd6 38. a4 Kc5 39. a5 d4
40. Ra8 Kb5 41. Rb8+ Ka6 42. Rd8 Ra4 43. Ke2 {time} 0-1

[Event "Washington Open--Reserve Two Day"]
[Site "Lynnwood, WA"]
[Date "2017.05.28"]
[Round "2"]
[White "Elisara  (WA), Travis"]
[Black "Min  (WA), Ryan"]
[Result "1-0"]
[WhiteElo "1746"]
[BlackElo "1160"]
[PlyCount "63"]
[EventDate "2017.06.02"]
[SourceDate "2017.06.25"]
[SourceVersionDate "2017.06.25"]

1. e4 e6 2. d4 d5 3. Nc3 c5 4. Nf3 Nc6 5. Bf4 Qb6 6. Nb5 Qa5+ 7. c3 e5 8. Nxe5
Bd6 9. Nxd6+ Kf8 10. Nexf7 cxd4 11. Bd2 Qc7 12. Qf3 Nf6 13. Nxh8 Qxd6 14. exd5
Ne5 15. Qf4 Qxd5 16. Qxd4 Qe6 17. Qd8+ Ne8 18. Be3 Kg8 19. Bb5 Nc6 20. Bxc6
Qxc6 21. Qe7 Nd6 22. O-O-O Bd7 23. Rxd6 Re8 24. Qf7+ Kxh8 25. Rxc6 Bxc6 26. Bd4
Rg8 27. Re1 a6 28. Qc7 a5 29. Re7 Bd7 30. Qxd7 a4 31. Rxg7 a3 32. Rxh7# 1-0

[Event "Washington Open--Reserve Two Day"]
[Site "Lynnwood, WA"]
[Date "2017.05.28"]
[Round "2"]
[White "Buchignani  (WA), Paul"]
[Black "Xiao  (WA), Alison"]
[Result "0-1"]
[WhiteElo "1473"]
[BlackElo "1334"]
[PlyCount "144"]
[EventDate "2017.06.02"]
[SourceDate "2017.06.25"]
[SourceVersionDate "2017.06.25"]

1. e4 e6 2. d4 d5 3. Nc3 Nf6 4. Bd3 c5 5. Bb5+ Nc6 6. e5 Nd7 7. Nf3 cxd4 8.
Nxd4 Ncxe5 9. Bf4 Ng6 10. Bg3 Bb4 11. Qd3 O-O 12. Bxd7 Bxd7 13. a3 Be7 14. O-O
Bf6 15. Nf3 Bc6 16. Rfe1 Re8 17. Ne5 Nxe5 18. Bxe5 Bxe5 19. Rxe5 Qf6 20. Rae1
Rad8 21. Qd4 Qg6 22. R1e2 a6 23. f4 h6 24. Rf2 f6 25. Re3 e5 26. fxe5 Rxe5 27.
Rfe2 Rxe3 28. Rxe3 Qxc2 29. Re2 Qf5 30. Rf2 Qe6 31. Re2 Qf7 32. h3 Kh8 33. a4
Kg8 34. b4 b5 35. axb5 axb5 36. Qb6 Qd7 37. Qd4 Ra8 38. Nd1 Re8 39. Ne3 Re5 40.
Qd2 d4 41. Nf1 Rxe2 42. Qxe2 d3 43. Qd2 Qd4+ 44. Kh1 Be4 45. Ng3 Bg6 46. Kh2
Qd5 47. h4 Qd4 48. Kh3 f5 49. h5 f4 50. hxg6 fxg3 51. Kxg3 Qd6+ 52. Kf2 Qxg6
53. Ke3 Kf7 54. Qxd3 Qxd3+ 55. Kxd3 Ke6 56. Kd4 Kd6 57. Ke4 g6 58. Kd4 g5 59.
Ke4 g4 60. g3 h5 61. Kf4 Kd5 62. Kg5 Kc4 63. Kxh5 Kxb4 64. Kxg4 Kc4 65. Kf4 b4
66. g4 b3 67. g5 b2 68. Kf5 b1=Q+ 69. Kf6 Qb8 70. g6 Qg8 71. g7 Kd5 72. Kg6 Ke6
0-1

[Event "Washington Open--Reserve Two Day"]
[Site "Lynnwood, WA"]
[Date "2017.05.28"]
[Round "3"]
[White "Liu  (WA), Nathan"]
[Black "Kregenow  (WA), Reed"]
[Result "1-0"]
[WhiteElo "1466"]
[BlackElo "471"]
[PlyCount "120"]
[EventDate "2017.06.02"]
[SourceDate "2017.06.25"]
[SourceVersionDate "2017.06.25"]

1. d4 d5 2. c4 Nf6 3. Nc3 e6 4. Bg5 h6 5. Bh4 Bd6 6. Nf3 g5 7. Bg3 dxc4 8. e3
g4 9. Ne5 Nd5 10. Bxc4 Nxc3 11. bxc3 Nc6 12. Bb5 O-O 13. Qxg4+ Qg5 14. Qxg5+
hxg5 15. Bxc6 bxc6 16. Nxc6 Bb7 17. Ne5 Bxg2 18. Rg1 Be4 19. Ng4 f5 20. Ne5
Bxe5 21. Bxe5 g4 22. Bxc7 Rac8 23. Ba5 Rb8 24. Bb4 Rfc8 25. h3 Bf3 26. hxg4
fxg4 27. Kd2 a5 28. Bxa5 Rb2+ 29. Ke1 Re2+ 30. Kf1 Rc4 31. Bb4 Kf7 32. a3 Rd2
33. a4 Rc6 34. Ke1 Re2+ 35. Kf1 Rb6 36. a5 Ra6 37. Re1 Rd2 38. Rg3 Kf6 39. Kg1
Ra7 40. Rxf3+ gxf3 41. Kh2 Rxf2+ 42. Kg3 Re2 43. Rf1 Rg2+ 44. Kxf3 Rag7 45.
Ke4+ Kg5 46. Bd6 Kg4 47. Rf4+ Kg5 48. Bc5 Rc7 49. Rf8 Rc6 50. Rg8+ Kf6 51. Rxg2
Ra6 52. Rf2+ Kg5 53. Bb4 Ra8 54. Rf7 Rg8 55. a6 Kg6 56. Rb7 Rf8 57. a7 Re8 58.
Rb8 Rxb8 59. axb8=Q Kf6 60. Qe5+ Kf7 1-0